00580nam a2200193Ia 4500008004100000020000700041082001700048100001900065245002700084250000800111260003500119300002700154500001900181600002700200650001500227942000700242952012200249999001500371240925s9999 xx 000 0 und d aNA a620.1123 SHA aShanley, F. R. 0aMechanics of Materials a2nd aNew York:bMcGraw-Hillc,1967. axv,478p.bNAfOriginal aIncludes Index aElectrical Engineering aTechnology cBK 011040708ELaUITUbUITUd1997-11-25eUIT Fruit Canadal0o620.1123 SHApQ1292r2024-09-25 07:12:23w2024-09-25yBK c3791d3791